Fundamentals of physics / (Record no. 46)
[ view plain ]
| 000 -LEADER | |
|---|---|
| fixed length control field | 01148cac a22003255a 4500 |
| 003 - CONTROL NUMBER IDENTIFIER | |
| control field | EG-ScBUE |
| 005 - DATE AND TIME OF LATEST TRANSACTION | |
| control field | 20191214103602.0 |
| 008 - FIXED-LENGTH DATA ELEMENTS--GENERAL INFORMATION | |
| fixed length control field | 171113t2005 njua f 001 0 eng d |
| 020 ## - INTERNATIONAL STANDARD BOOK NUMBER | |
| International Standard Book Number | 0471465097 |
| 020 ## - INTERNATIONAL STANDARD BOOK NUMBER | |
| International Standard Book Number | 9780471465096 |
| 040 ## - CATALOGING SOURCE | |
| Original cataloging agency | EG-ScBUE |
| Language of cataloging | eng |
| Description conventions | rda |
| Transcribing agency | EG-ScBUE |
| Modifying agency | EG-ScBUE |
| 082 04 - DEWEY DECIMAL CLASSIFICATION NUMBER | |
| Classification number | 530 |
| Item number | HAL |
| Edition number | 22 |
| 100 1# - MAIN ENTRY--PERSONAL NAME | |
| Personal name | Halliday, David, |
| Dates associated with a name | 1916-2010, |
| Relator term | author. |
| 9 (RLIN) | 18399 |
| 245 10 - TITLE STATEMENT | |
| Title | Fundamentals of physics / |
| Statement of responsibility, etc | David Halliday, University of Pittsburgh, Robert Resnick, Rensselaer Polytechnic Institute, Jearl Walker, Cleveland State University. |
| 250 ## - EDITION STATEMENT | |
| Edition statement | Seventh edition. |
| 264 #1 - PUBLICATION, DISTRIBUTION, ETC. (IMPRINT) | |
| Place of publication, distribution, etc | Hoboken, New Jersey : |
| Name of publisher, distributor, etc | John Wiley and Sons, Inc, |
| Date of publication, distribution, etc | [2005] |
| 264 #4 - PUBLICATION, DISTRIBUTION, ETC. (IMPRINT) | |
| Date of publication, distribution, etc | c 2005 |
| 300 ## - PHYSICAL DESCRIPTION | |
| Extent | 1 volume (various pagings) : |
| Other physical details | illustrations ; |
| Dimensions | 26 cm |
| 336 ## - CONTENT TYPE | |
| Source | rdacontent |
| Content type term | text |
| Content type code | txt |
| 337 ## - MEDIA TYPE | |
| Source | rdamedia |
| Media type term | unmediated |
| Media type code | n |
| 338 ## - CARRIER TYPE | |
| Source | rdacarrier |
| Carrier type term | volume |
| Carrier type code | nc |
| 500 ## - GENERAL NOTE | |
| General note | Includes index. |
| 500 ## - GENERAL NOTE | |
| General note | Includes appendices. |
| 650 #7 - SUBJECT ADDED ENTRY--TOPICAL TERM | |
| Topical term or geographic name as entry element | Physics. |
| Source of heading or term | BUEsh |
| 9 (RLIN) | 4340 |
| 653 ## - INDEX TERM--UNCONTROLLED | |
| Resource For college | Generalities |
| Arrived date list | November2017 |
| 655 ## - INDEX TERM--GENRE/FORM | |
| Form subdivision | Reading book |
| 700 1# - ADDED ENTRY--PERSONAL NAME | |
| Personal name | Resnick, Robert, |
| Dates associated with a name | 1923-2014, |
| Relator term | author. |
| 700 1# - ADDED ENTRY--PERSONAL NAME | |
| Personal name | Walker, Jearl, |
| Dates associated with a name | 1945- |
| Relator term | author. |
| 942 ## - ADDED ENTRY ELEMENTS (KOHA) | |
| Source of classification or shelving scheme | Dewey Decimal Classification |
| Koha item type | Book - Borrowing |
| Withdrawn status | Lost status | Damaged status | Not for loan | Home library | Current library | Shelving location | Date acquired | Source of acquisition | Total Checkouts | Total Renewals | Full call number | Barcode | Date last seen | Date checked out | Cost, replacement price | Price effective from | Koha item type | Source of classification or shelving scheme |
|---|---|---|---|---|---|---|---|---|---|---|---|---|---|---|---|---|---|---|
| Central Library | Central Library | First floor | 05/11/2010 | Purchase | 2 | 1 | 530 HAL | 000004835 | 15/07/2025 | 08/02/2016 | 203.00 | 10/11/2005 | Book - Borrowing | |||||
| Central Library | Central Library | First floor | 05/11/2010 | Purchase | 530 HAL | 000004836 | 15/07/2025 | 203.00 | 10/11/2005 | Book - Borrowing | ||||||||
| Central Library | Central Library | First floor | 05/11/2010 | Purchase | 530 HAL | 000004839 | 15/07/2025 | 203.00 | Book - Borrowing | Dewey Decimal Classification | ||||||||
| Central Library | Central Library | First floor | 05/11/2010 | Purchase | 530 HAL | 000004831 | 15/07/2025 | 203.00 | 10/11/2005 | Book - Borrowing | ||||||||
| Central Library | Central Library | First floor | 05/11/2010 | Purchase | 530 HAL | 000004832 | 15/07/2025 | 203.00 | 10/11/2005 | Book - Borrowing | ||||||||
| Central Library | Central Library | First floor | 05/11/2010 | Purchase | 530 HAL | 000004834 | 15/07/2025 | 203.00 | 10/11/2005 | Book - Borrowing | ||||||||
| Central Library | Central Library | First floor | 05/11/2010 | Purchase | 530 HAL | 000004837 | 15/07/2025 | 203.00 | 10/11/2005 | Book - Borrowing | ||||||||
| Central Library | Central Library | First floor | 05/11/2010 | Purchase | 1 | 530 HAL | 000004838 | 15/07/2025 | 203.00 | 10/11/2005 | Book - Borrowing | |||||||
| Central Library | Central Library | First floor | 05/11/2010 | Purchase | 530 HAL | 000004840 | 15/07/2025 | 203.00 | 10/11/2005 | Book - Borrowing |